000 00406nam a2200169Ia 4500
003 GCL
008 140319s9999 xx 000 0 eng d
040 _aGCL /
_cGCL
082 0 4 _a780
_bS A
100 1 _aSPAETH, SIGMUND
245 1 0 _aTHE ART OF ENJOYING MUSIC /
_cSPAETH, SIGMUND
260 _a[S.N] :
_bERMABOOKS ،
_c1949
300 _a246 P
650 0 4 _aARTS
650 0 4 _aMUSIC
942 _2ddc
_cBK
999 _c15344
_d15344